| 000 | 00578nam a2200157Ia 4500 | ||
|---|---|---|---|
| 008 | 100204s9999 xx 000 0 und d | ||
| 082 | _b23125 | ||
| 100 | _aवाजपेयी अटल विहारी | ||
| 245 | _aगीत नवे गातो मी | ||
| 260 |
_b"विवेक व्यासपीठ प्रकाशन , मुंबई" _c1997 2 |
||
| 300 | _a216 | ||
| 630 | _aगीत नवे गातो मी | ||
| 700 | _aलेले अरविंद | ||
| 730 | _aगीत नवे गातो मी | ||
| 942 | _cBOOK | ||
| 999 |
_c468235 _d468232 |
||